[Event "BEL-ch opB"]
[Site "Westerlo"]
[Date "2004.07.??"]
[Round "9"]
[White "Montforts, Ton"]
[Black "Wouters, Tim"]
[Result "1/2-1/2"]
[WhiteElo "1685"]
[BlackElo "1616"]
[PlyCount "70"]
[EventDate "2004.07.??"]
[EventType "swiss"]
[EventRounds "9"]
[EventCountry "BEL"]
[SourceTitle "EXT 2005"]
[Source "ChessBase"]
[SourceDate "2004.11.15"]
[SourceVersion "1"]
[SourceVersionDate "2004.11.15"]
[SourceQuality "1"]

1. Nf3 Nf6 2. c4 e6 3. g3 b6 4. Bg2 Bb7 5. 0-0 d5 6. b3 Nbd7 7. d3 Be7 8. Nbd2 0-0 9. a3 c5 10. Bb2 Re8 11. Rb1 Rb8 12. b4 Qc7 13. b5 Ra8 14. Qc2 a6 15. a4 axb5 16. axb5 Bd6 17. Rfc1 Ra7 18. Ra1 Rea8 19. Rxa7 Rxa7 20. Qb3 Qb8 21. Ra1 Rxa1+ 22. Bxa1 dxc4 23. Nxc4 Bxf3 24. Bxf3 Ne5 25. Bg2 Nxc4 26. dxc4 Be5 27. Bxe5 Qxe5 28. Qd3 Qc7 29. Qf3 Qc8 30. g4 h6 31. h4 Ne8 32. Qd3 Qc7 33. e4 Qd6 34. Qe2 e5 35. Bf1 Qd4 1/2-1/2

[Event "BEL-ch opB"]
[Site "Westerlo"]
[Date "2004.07.??"]
[Round "1"]
[White "Wouters, Tim"]
[Black "Van Herck, Paul"]
[Result "1/2-1/2"]
[WhiteElo "1616"]
[BlackElo "1963"]
[PlyCount "37"]
[EventDate "2004.07.??"]
[EventType "swiss"]
[EventRounds "9"]
[EventCountry "BEL"]
[SourceTitle "EXT 2005"]
[Source "ChessBase"]
[SourceDate "2004.11.15"]
[SourceVersion "1"]
[SourceVersionDate "2004.11.15"]
[SourceQuality "1"]

1. d4 Nf6 2. c4 e6 3. Nc3 c5 4. d5 exd5 5. cxd5 d6 6. e4 g6 7. Bb5+ Bd7 8. Bxd7+ Nfxd7 9. Bf4 Na6 10. Nf3 Nc7 11. 0-0 f6 12. Qb3 b6 13. Bg3 a6 14. a4 Rb8 15. Rfe1 b5 16. axb5 axb5 17. Ne2 Be7 18. Rad1 g5 19. Qc3 1/2-1/2

[Event "BEL-ch U16"]
[Site "Worriken Buetgenbach"]
[Date "2004.04.11"]
[Round "9.6"]
[White "Wouters, Tim"]
[Black "Barbier, Thomas"]
[Result "1/2-1/2"]
[WhiteElo "1616"]
[BlackElo "1617"]
[PlyCount "89"]
[EventDate "2004.04.03"]
[EventType "swiss"]
[EventRounds "9"]
[EventCountry "BEL"]
[SourceTitle "EXT 2006"]
[Source "ChessBase"]
[SourceDate "2005.11.24"]
[SourceVersion "1"]
[SourceVersionDate "2005.11.24"]
[SourceQuality "1"]

1. d4 d5 2. c4 e6 3. Nc3 Nf6 4. Bg5 Nbd7 5. e3 c6 6. Nf3 Qa5 7. Nd2 Ne4 8. Ndxe4 dxe4 9. Bf4 e5 10. dxe5 Bb4 11. Qd2 Nxe5 12. Rc1 Bf5 13. a3 Bxc3 14. Qxc3 Qxc3+ 15. Rxc3 Nd3+ 16. Bxd3 exd3 17. f3 Rd8 18. e4 Be6 19. c5 b5 20. Bd6 f6 21. Rxd3 Kf7 22. Kf2 Rhe8 23. Rhd1 Rd7 24. f4 g6 25. h3 f5 26. e5 Rh8 27. Rd4 Ra8 28. Re1 a5 29. Rh1 Rh8 30. Ra1 Ra8 31. Rdd1 Rad8 32. b4 a4 33. Rh1 h5 34. Rhg1 Rh8 35. Rae1 Re8 36. g3 Rb7 37. Rg2 Rd7 38. Rh2 Rg8 39. Rg1 Rb7 40. g4 fxg4 41. hxg4 Bxg4 42. Rxg4 hxg4 43. Rh7+ Rg7 44. Rh8 Ke6 45. Kg3 1/2-1/2

[Event "BEL-ch U16"]
[Site "Worriken Buetgenbach"]
[Date "2004.04.10"]
[Round "8.9"]
[White "Foerster, Nils"]
[Black "Wouters, Tim"]
[Result "0-1"]
[WhiteElo "1630"]
[BlackElo "1616"]
[PlyCount "82"]
[EventDate "2004.04.03"]
[EventType "swiss"]
[EventRounds "9"]
[EventCountry "BEL"]
[SourceTitle "EXT 2006"]
[Source "ChessBase"]
[SourceDate "2005.11.24"]
[SourceVersion "1"]
[SourceVersionDate "2005.11.24"]
[SourceQuality "1"]

1. e4 c5 2. Nf3 d6 3. d4 cxd4 4. Nxd4 Nf6 5. Nc3 g6 6. f3 Bg7 7. Be3 Nc6 8. Qd2 0-0 9. 0-0-0 Bd7 10. Bh6 Nxd4 11. Bxg7 Nxf3 12. gxf3 Kxg7 13. h4 h5 14. Rg1 Bc6 15. Be2 Qa5 16. Qg5 Qxg5+ 17. Rxg5 Rg8 18. Kb1 Kf8 19. Bb5 Bxb5 20. Nxb5 a6 21. Nc3 Kg7 22. Nd5 Nxd5 23. Rgxd5 Rac8 24. e5 dxe5 25. Rxe5 e6 26. Re4 Rgd8 27. Red4 Rxd4 28. Rxd4 Rc5 29. c3 Rd5 30. Rxd5 exd5 31. Kc2 Kf6 32. Kd3 Ke5 33. Ke3 f6 34. f4+ Kf5 35. Kf3 g5 36. fxg5 fxg5 37. hxg5 Kxg5 38. Kg3 b5 39. a3 a5 40. b3 Kf5 41. Kh4 Ke4 0-1